00329nam a22001217a 4500008004100000020001500041082001600056100000800072110002200080245006200102260003500164300000800199230620b xxu||||| |||| 00| 0 eng d a998766606X a307.14bEAC cEAC bEACcArushad2001 aThe East African Community Development Strategy 2001-2005 aArushabEAC Secretariatc2001 a68p